Biela pani : Mám v dlani zrnká vetra

Bibliographic Details
Other Authors: Duchoň, Karol, 1950-1985 (Singer), Máziková, Eva, 1949- (Singer)
Format: Audio
Language:Slovak
PhysicalDescription:1 gramofónová platňa 18 cm
Published: Praha Supraphon [1970]
Subjects:

MARC

LEADER 00000njm a2200000 4500
001 vtls012248561
003 SK-MaSNL
005 20260331212401.0
007 s m p a
008 240123t1970 xr g 000 0 slo
015 |a SNBJ1970 
028 1 1 |a 0 43 1074  |b SUPRAPHON 
028 2 1 |a D 04107/A A  |b SUPRAPHON 
028 2 1 |a D 04108/B A  |b SUPRAPHON 
040 |a SNK  |b slo  |c SNK  |e rda 
041 0 |a slo 
044 |a xr  |c CZ 
072 7 |a 78  |x Hudba  |2 konspekt 
080 |a (086.72)  |2 2011 
100 1 |a Duchoň, Karol,  |d 1950-1985  |4 sng  |9 98848 
245 1 0 |a Biela pani : Mám v dlani zrnká vetra  |c Karol Duchoň ; Eva Máziková 
264 1 |a Praha  |b Supraphon  |c [1970] 
264 4 |c Ⓟ1970 
300 |a 1 gramofónová platňa  |c 18 cm 
336 |a hraná hudba  |b prm  |2 rdacontent 
337 |a audio  |b s  |2 rdamedia 
338 |a audiodisk  |b sd  |2 rdacarrier 
500 |a Gramoplatňa má 2 skladby 
655 7 |a gramofónové platne  |2 SNKPH  |9 74608 
655 7 |a Gramophone records  |2 SNKPHeng  |9 286457 
700 1 |a Máziková, Eva,  |d 1949-  |4 sng  |9 111706 
740 0 2 |a Mám v dlani zrnká vetra 
958 |a GP 
999 |c 665421  |d 667351 
952 |a SNK  |b SNK  |y PREZ  |7 0  |p 17A1421327  |o snk 45-443  |i snk3593/70  |0 0  |1 0  |4 0  |d 2024-01-23  |l 0  |r 2026-02-23 19:07:36  |w 2026-02-23 
952 |a SNKMST  |b SNKMST  |y PREZ  |7 0  |p 17A1421328  |o snk 45-443 D1  |i snk3633/71  |0 0  |1 0  |4 0  |d 2024-01-23  |l 0  |r 2026-02-23 19:07:36  |w 2026-02-23